| 000 | 00721nam a2200241 a 4500 | ||
|---|---|---|---|
| 008 | |||
| 020 | _a0130843709 (hbk.) | ||
| 049 | _aMAIN | ||
| 090 |
_aTK5105 _bSTA |
||
| 100 | 1 | 0 | _aStallings, William. |
| 245 | 1 | 0 |
_aData and computer communications / _cWilliam Stallings. |
| 260 | 0 |
_aNew Jersey : _bPrentice Hall, _cc2000. |
|
| 300 |
_axx, 810 p. : _bill. ; _c25 cm. |
||
| 504 | _aIncludes bibliographical references: p. 571-584. | ||
| 500 | _aIncludes index. | ||
| 650 | 0 | _aData transmission systems. | |
| 650 | 0 | _aComputer networks. | |
| 907 |
_a.b10139357 _b15-11-13 _c04-11-04 |
||
| 003 | |||
| 005 | 20230123133839.0 | ||
| 040 | _cNUST | ||
| 942 |
_cBOOKS _kTK5105 _mSTA |
||
| 999 |
_c155656 _d155656 |
||